000 00211 a2200097 4500
001 34775
100 _aHaykin Simon
245 _aModern Filters
260 _aNew York
_bMacmillan
_c1990
090 _c23038
_d23038
942 _aNUST-CAE
_cM
_c14490
999 _c269848
_d269848